000 00576cam a22002052a 4500
001 009487
003 AR-FADEU
008 311216n1981####xxu####################dd
020 _a0-521-23286-4
092 _a428.4
_bA182
100 _aAbbott, Janice
245 _aMeet the press : reading skills for upper-intermediate and more advanced students
260 _aLondon
260 _bCambridge University
260 _c1981
300 _a116 p. : il
650 _a/LINGUISTICA/INGLES-USO; LECTURA; NOTICIA PERIODISTICA/REVISADO/
546 _aInglés
942 _cBDGR
999 _c15284
_d15284